Diez

Gespeichert in:
Bibliographische Detailangaben
1. Verfasser: Emar, Juan (VerfasserIn)
Format: Buch
Sprache:Spanisch
Veröffentlicht: Santiago Tajamar Editores 2012
Ausgabe:3a. ed
Schlagworte:
Tags: Tag hinzufügen
Keine Tags, Fügen Sie den ersten Tag hinzu!

MARC

LEADER 00000cam a2200000 a 4500
001 UCF9431
003 CL-VaPUC
008 131125e20121000cl |||||||||||||||||spa|d
020 |a 9568245138 
082 0 4 |a Ch863  |b EMA  |2 21 
100 |a Emar, Juan   |e author  |9 454978 
245 1 0 |a Diez 
250 |a 3a. ed 
300 |a 174 p 
942 |c BK 
945 |d 20131125 03:22:00  |a dcastane 
260 |a Santiago  |b Tajamar Editores  |c 2012 
650 0 |a Cuentos chilenos   |9 308280 
650 0 |a Literatura chilena   |9 308278 
583 |a last modification  |c 20131125 03:22:00  |k Rodrigo Vera 
999 |c 353875  |d 353873 
952 |0 0  |1 0  |3 erb  |4 0  |6 CH_863_000000000000000_EMA_2012  |7 0  |8 A  |9 459313  |a BIBART  |b BIBART  |i 502773K  |o Ch863 EMA 2012  |p 502773K  |r 2025-03-13  |w 2019-11-23  |y BK  |z Catalogado en:20131125  |k ART